000 01165nam a2200205 a 4500
008 160516s2014 ||||||||||||||||| || u
020 _a9781292020631
050 _aQC 21.3 You
100 _aYoung, Hugh D
245 1 0 _aSears and Zemansky's University Physics with modern physics technology update
_cBy Hugh D. Young [and] Roger A. Freedman
250 _a13th ed.
260 _aHarlow:
_bPearson Education Limited
_c2014
300 _avi, 1726p.: ill.
350 _a37.40
650 0 _aPHYSICS
995 _aMAIN LIBRARY OPEN ACCESS
_e745771
_FCBU-MAIN LIBRARY (Kitwe)
_I37.40
_jQC 21.3 You
_M2
_UAVAILABLE
_WMay 17, 2016
_y745771
_ZMain Library Open Access Collection
995 _aMAIN LIBRARY OPEN ACCESS
_e745772
_FCBU-MAIN LIBRARY (Kitwe)
_I37.40
_jQC 21.3 You
_M3
_UAVAILABLE
_WMay 17, 2016
_y745772
_ZMain Library Open Access Collection
995 _aMAIN LIBRARY OPEN ACCESS
_e745770
_FCBU-MAIN LIBRARY (Kitwe)
_I37.40
_jQC 21.3 You
_M1
_UAVAILABLE
_WMay 17, 2016
_y745770
_ZMain Library Open Access Collection
995 _aMAIN LIBRARY OPEN ACCESS
_e745773
_FCBU-MAIN LIBRARY (Kitwe)
_I37.40
_jQC 21.3 You
_M4
_UAVAILABLE
_WMay 17, 2016
_y745773
_ZMain Library Open Access Collection
999 _c80371
_d80371